000 00279nam a2200121Ia 4500
008 241002s9999 xx 000 0 und d
082 _a808.84 FAR
100 _aFarmer, Frances
245 4 _aThe Wilson Reader
260 _aNew York:
_c1956
600 _aLiterature
942 _cUC
999 _c18785
_d18785